000 00496cam a22002051 4500
001 sa 64005362
003 DLC
005 20260227112032.0
008 900108s1964 ii 000 0 beno
010 _asa 64005362
035 _a(OCoLC)20860683
040 _aDLC
_cWaU
_dDLC
042 _apremarc
050 0 0 _aPK1718.M47
_bK4
100 1 _aMitra, Bimal,
_d1912-1991.
245 1 0 _aKeu nāẏaka,
_bkeu nāẏikā.
260 _c[1964]
300 _a160 p.
_c22 cm.
500 _aIn Bengali.
999 _c59080
_d59080